[Event "Titled Tue 17th Jun Early"]
[Site "chess.com INT"]
[Date "2025.06.17"]
[Round "9"]
[White "Wan, Yunguo"]
[Black "Donchenko, Alexander"]
[Result "1/2-1/2"]
[WhiteTitle "GM"]
[BlackTitle "GM"]
[WhiteElo "2501"]
[BlackElo "2613"]
[WhiteFideId "8603189"]
[BlackFideId "24603295"]
[EventDate "2025.06.17"]

1. Nf3 Nf6 2. g3 b5 3. Bg2 Bb7 4. O-O e6 5. b3 c5 6. Na3 a6 7. c4 Qb6 8. Bb2 Nc6
9. e3 Be7 10. Qe2 O-O 11. cxb5 axb5 12. Qxb5 Qxb5 13. Nxb5 Ba6 14. a4 Rab8 15.
Ne5 Bxb5 16. axb5 Nxe5 17. Bxe5 Rxb5 18. Rfb1 d6 19. Ra7 dxe5 20. Rxe7 Rfb8 21.
Rc7 h5 22. Rc1 e4 23. R7xc5 Rxc5 24. Rxc5 Rxb3 25. Kf1 Rb1+ 26. Ke2 Rg1 27. Bf1
g6 28. h3 Nd5 29. Rc4 f5 30. Rc1 Nb4 31. f3 Nd3 32. Rc8+ Kf7 33. fxe4 fxe4 34.
Rc4 Rxg3 35. Rxe4 Nc5 36. Rf4+ Ke7 37. h4 e5 38. Rc4 Kd6 39. Kf2 Rg4 40. Rxg4
hxg4 41. Kg3 Ne4+ 42. Kxg4 Nxd2 43. Bd3 e4 44. Be2 Ke5 45. Kg5 Nf3+ 46. Kxg6
Nxh4+ 47. Kg5 Ng2 48. Bh5 Nxe3 49. Bg6 Nf5 50. Bxf5 e3 51. Bg4 e2 52. Bxe2 1/2-1/2

[Event "Titled Tue 17th Jun Early"]
[Site "chess.com INT"]
[Date "2025.06.17"]
[Round "9"]
[White "Askarov, Bakhtiyar"]
[Black "Karttunen, Mika"]
[Result "1-0"]
[WhiteTitle "IM"]
[BlackTitle "IM"]
[WhiteElo "2297"]
[BlackElo "2490"]
[WhiteFideId "13701100"]
[BlackFideId "502081"]
[EventDate "2025.06.17"]

1. Nf3 Nf6 2. b3 g6 3. Bb2 Bg7 4. d4 O-O 5. e3 d6 6. Be2 b6 7. O-O Bb7 8. c4
Nbd7 9. Nc3 e6 10. Qc2 Re8 11. Rad1 a6 12. Rfe1 Qe7 13. e4 e5 14. Bf1 Rac8 15.
dxe5 Nxe5 16. Nxe5 dxe5 17. Nd5 Nxd5 18. cxd5 c6 19. d6 Qd7 20. g3 c5 21. Bc4
Rc6 22. Qd3 Rd8 23. Bxa6 c4 24. Bxc4 Rxd6 25. Qxd6 Qxd6 26. Rxd6 Rxd6 27. Bc3
Bf6 28. a4 Bg7 29. f3 h5 30. Kf2 Rd8 31. Ke2 Re8 32. Rd1 Bc6 33. Rd6 Rc8 34. Ba6
Rc7 35. Rd8+ Kh7 36. Kd3 Bf6 37. Rc8 Rd7+ 38. Kc2 Bb7 39. Bxb7 Rxb7 40. Bb4 h4
41. g4 Bg5 42. Bd6 Bf6 43. Rc7 Rxc7+ 44. Bxc7 1-0

[Event "Titled Tue 17th Jun Early"]
[Site "chess.com INT"]
[Date "2025.06.17"]
[Round "9"]
[White "Swara Lakshmi S Nair"]
[Black "Willim, Michael"]
[Result "1/2-1/2"]
[WhiteTitle "WCM"]
[BlackTitle "CM"]
[WhiteElo "2187"]
[BlackElo "2024"]
[WhiteFideId "25629239"]
[BlackFideId "4632435"]
[EventDate "2025.06.17"]

1. e4 e6 2. d4 d5 3. Nd2 Nf6 4. e5 Nfd7 5. Bd3 c5 6. c3 Nc6 7. Ne2 cxd4 8. cxd4
f6 9. exf6 Qxf6 10. Nf3 h6 11. O-O Bd6 12. Ng3 O-O 13. Re1 Rd8 14. Nh5 Qf7 15.
Nh4 Nf8 16. Be3 Bd7 17. Rc1 Be8 18. Ng3 Rac8 19. Qg4 Qf6 20. Nf3 Ne7 21. Nh5
Bxh5 22. Qxh5 Rxc1 23. Rxc1 Rc8 24. Rxc8 Nxc8 25. Ne5 Ne7 26. h3 Nf5 27. Bxf5
Qxf5 28. Qxf5 exf5 29. Nd3 Ne6 30. g3 Kf7 31. Kf1 a6 32. Ke2 h5 33. Kf3 g5 34.
Ne5+ Bxe5 35. dxe5 g4+ 36. hxg4 hxg4+ 37. Ke2 d4 38. Bf4 Nc5 39. b4 Ne4 40. f3
gxf3+ 41. Kxf3 Ke6 42. Ke2 Kd5 43. Kd3 b5 44. a3 Nf2+ 45. Ke2 Ne4 46. Kd3 Nf2+
47. Ke2 Ne4 48. Kd3 1/2-1/2

[Event "Titled Tue 17th Jun Early"]
[Site "chess.com INT"]
[Date "2025.06.17"]
[Round "9"]
[White "Tsydypov, Zhamsaran"]
[Black "Alonso Rosell, Alvar"]
[Result "1-0"]
[WhiteTitle "GM"]
[BlackTitle "GM"]
[WhiteElo "2514"]
[BlackElo "2536"]
[WhiteFideId "4108566"]
[BlackFideId "2270544"]
[EventDate "2025.06.17"]

1. e4 c6 2. d4 d5 3. e5 c5 4. dxc5 e6 5. Qg4 h5 6. Qf4 Bxc5 7. Nf3 Nc6 8. c3 f6
9. Bd3 Qc7 10. b4 fxe5 11. Bg6+ Kd8 12. Qh4+ Be7 13. Ng5 Nh6 14. Qxh5 e4 15. O-O
Bd7 16. f4 Kc8 17. Na3 Bf6 18. Be3 Ne7 19. Rac1 Nf7 20. Nh7 Nd6 21. Bd4 Ndf5 22.
g4 Nxg6 23. gxf5 Nxf4 24. Qg4 e5 25. Nxf6 gxf6 26. Qg7 Qd8 27. Kh1 Bxf5 28. Nb5
e3 29. Rxf4 exf4 30. Nd6+ Qxd6 31. Qxh8+ Qd8 32. Qg7 Be4+ 33. Kg1 a5 34. b5 Qd7
35. Qf8+ Kc7 36. b6+ Kc6 37. Qc5# 1-0

[Event "Titled Tue 17th Jun Early"]
[Site "chess.com INT"]
[Date "2025.06.17"]
[Round "9"]
[White "Verbovsky, Michal"]
[Black "Boramanikar, Tanisha S"]
[Result "1-0"]
[WhiteTitle "CM"]
[BlackTitle "WCM"]
[WhiteElo "2172"]
[BlackElo "1743"]
[WhiteFideId "14934213"]
[BlackFideId "35023454"]
[EventDate "2025.06.17"]

1. e4 c5 2. Nc3 Nc6 3. Bb5 e6 4. Bxc6 bxc6 5. d3 d5 6. f4 Ne7 7. Nf3 g6 8. O-O
Bg7 9. e5 O-O 10. Bd2 Rb8 11. Rb1 Nf5 12. Qe1 Ba6 13. Ne2 c4 14. d4 Qd7 15. Bb4
Rfc8 16. c3 Bf8 17. Bxf8 Kxf8 18. Ng3 Ng7 19. h3 c5 20. Ne2 cxd4 21. Nexd4 Qa4
22. a3 Rb3 23. Qh4 Kg8 24. Ng5 h5 25. g4 Rcb8 26. gxh5 Nxh5 27. Qg4 Rxb2 28.
Rxb2 Rxb2 29. Nxf7 Kxf7 30. Qxe6+ Kg7 31. Qe7+ Kg8 32. Ne6 Rb8 33. Ng5 Rb7 34.
Qd8+ Kg7 35. Ne6+ Kf7 36. f5 Qd7 37. Ng5+ Kg7 38. f6+ Kh6 39. Qxd7 Rxd7 40. f7
Rd8 41. e6 1-0

[Event "Titled Tue 17th Jun Early"]
[Site "chess.com INT"]
[Date "2025.06.17"]
[Round "9"]
[White "Shahinyan, Vladimir"]
[Black "Barrientos, Ernesto"]
[Result "1-0"]
[WhiteTitle "CM"]
[BlackTitle "CM"]
[WhiteElo "2202"]
[BlackElo "2027"]
[WhiteFideId "13314599"]
[BlackFideId "3701247"]
[EventDate "2025.06.17"]

1. d4 Nf6 2. c4 c5 3. d5 b5 4. Qc2 b4 5. e4 d6 6. Bd3 g6 7. Nf3 Bg7 8. O-O O-O
9. h3 e6 10. Bf4 e5 11. Be3 Nh5 12. Re1 f5 13. Bf1 f4 14. Bc1 g5 15. Nbd2 g4 16.
hxg4 Bxg4 17. b3 a5 18. Bb2 Qf6 19. Be2 Kh8 20. Nh2 Bxe2 21. Rxe2 f3 22. Ndxf3
Nf4 23. Ree1 Nd7 24. Bc1 Bh6 25. Bxf4 Bxf4 26. Rad1 Rg8 27. g3 Raf8 28. Rd3 Bh6
29. Kf1 Qg6 30. Nh4 Qh5 31. Qe2 Qxe2+ 32. Kxe2 Nf6 33. Kd1 Ng4 34. Nxg4 Rxg4 35.
Nf5 Bg7 36. Rh1 Rg6 37. f3 Kg8 38. g4 Bf6 39. Rd2 Bg5 40. Rdh2 Rf7 41. Rh5 Bf4
42. Ke2 Rgf6 43. g5 Rg6 44. Nh6+ 1-0

[Event "Titled Tue 17th Jun Early"]
[Site "chess.com INT"]
[Date "2025.06.17"]
[Round "9"]
[White "Jakubowski, Krzysztof"]
[Black "Moroni, Luca Jr"]
[Result "0-1"]
[WhiteTitle "GM"]
[BlackTitle "GM"]
[WhiteElo "2448"]
[BlackElo "2549"]
[WhiteFideId "1112848"]
[BlackFideId "865834"]
[EventDate "2025.06.17"]

1. e4 c5 2. Nf3 e6 3. d4 cxd4 4. Nxd4 a6 5. c4 Nf6 6. Bd3 Qc7 7. O-O Nc6 8. Be3
Ne5 9. h3 h5 10. f4 Nxd3 11. Qxd3 d6 12. Nc3 b6 13. Rac1 Bb7 14. f5 Qd7 15. fxe6
fxe6 16. Bg5 Be7 17. e5 dxe5 18. Qg6+ Kd8 19. Nf3 Qc7 20. Na4 Be4 21. Qf7 Bc5+
22. Nxc5 Qxf7 23. Nxe5 Qe8 24. Nxe4 Kc7 25. Nxf6 gxf6 26. Rxf6 Rf8 27. Rh6 Rf5
28. Rh7+ Kc8 29. c5 b5 30. Nd7 Qxd7 31. Rxd7 Kxd7 32. h4 Kc6 33. b4 Ra7 34. Re1
e5 35. a3 Rd7 36. Re3 a5 37. Kh2 axb4 38. axb4 Rd4 39. Rb3 Rg4 40. Kh3 Rf1 41.
g3 e4 42. Kg2 Rd1 43. Ra3 Rd3 44. Ra6+ Kd5 45. Rd6+ Kc4 0-1

[Event "Titled Tue 17th Jun Early"]
[Site "chess.com INT"]
[Date "2025.06.17"]
[Round "9"]
[White "Terron Elena, Francisco M."]
[Black "Arya G Mallar"]
[Result "1-0"]
[WhiteTitle "FM"]
[BlackTitle "WCM"]
[WhiteElo "2148"]
[BlackElo "2000"]
[WhiteFideId "2210576"]
[BlackFideId "25115324"]
[EventDate "2025.06.17"]

1. e4 c5 2. Nf3 d6 3. d4 cxd4 4. Nxd4 Nf6 5. Nc3 Nc6 6. Be2 e5 7. Nb3 Be6 8. O-O
d5 9. exd5 Nxd5 10. Nxd5 Bxd5 11. c4 Be6 12. Be3 Be7 13. Nc5 Bc8 14. Qa4 O-O 15.
Rfd1 Qc7 16. Bf3 Bf5 17. Bd5 Rac8 18. Rac1 b6 19. Na6 Qb7 20. b4 Rfd8 21. b5
Rxd5 22. cxd5 Na5 23. Rxc8+ Qxc8 24. d6 Bd8 25. Rc1 Qd7 26. Qd1 Qxb5 27. Nc7 Qd7
28. Qf3 h6 29. Qa8 Qxd6 30. Nb5 Qd7 31. Qxa7 Qxb5 32. h3 Qd3 33. Qb8 Qd5 34.
Bxb6 Kh7 35. Qxd8 1-0

[Event "Titled Tue 17th Jun Early"]
[Site "chess.com INT"]
[Date "2025.06.17"]
[Round "9"]
[White "Weetik, Vjacheslav"]
[Black "Dogan, Umut Anil"]
[Result "1-0"]
[WhiteTitle "FM"]
[BlackTitle "CM"]
[WhiteElo "2423"]
[BlackElo "2060"]
[WhiteFideId "4153472"]
[BlackFideId "51618060"]
[EventDate "2025.06.17"]

1. d4 e6 2. c4 b6 3. a3 Bb7 4. Nc3 Nf6 5. d5 exd5 6. cxd5 Be7 7. e4 d6 8. Bb5+
Nbd7 9. Nf3 a6 10. Ba4 O-O 11. O-O Ne5 12. Nd4 b5 13. Bc2 c5 14. Nf5 Re8 15. f4
Ng6 16. Nxe7+ Qxe7 17. b4 Rac8 18. Bb2 cxb4 19. axb4 Rc4 20. Bb3 Rxb4 21. Ba3
Rxb3 22. Qxb3 Nxe4 23. Rae1 f5 24. Nxe4 fxe4 25. f5 Nf8 26. Qg3 Qe5 27. f6 Kh8
28. f7 Qd4+ 29. Kh1 Rc8 30. Bxd6 Qxd5 31. Be5 Ng6 32. f8=Q+ Rxf8 33. Rxf8+ Nxf8
34. Qxg7# 1-0

[Event "Titled Tue 17th Jun Early"]
[Site "chess.com INT"]
[Date "2025.06.17"]
[Round "9"]
[White "Olhovik, Andrei"]
[Black "Shymanskyi, Oleksandr"]
[Result "1-0"]
[WhiteTitle "FM"]
[BlackTitle "FM"]
[WhiteElo "2282"]
[BlackElo "2218"]
[WhiteFideId "13507397"]
[BlackFideId "14168880"]
[EventDate "2025.06.17"]

1. d4 Nf6 2. c4 e6 3. Nc3 Bb4 4. a3 Bxc3+ 5. bxc3 O-O 6. f3 d6 7. e4 e5 8. Bd3
Nc6 9. Ne2 h6 10. O-O b6 11. f4 Qe7 12. fxe5 dxe5 13. d5 Na5 14. Ng3 Nxc4 15.
Rxf6 Qxf6 16. Bxc4 Qg6 17. Be3 Bg4 18. Qd2 Rad8 19. Rf1 c6 20. Qf2 Kh8 21. Nf5
cxd5 22. Bxd5 Bh3 23. c4 Bg4 24. h3 Bxh3 25. Nh4 Qg4 26. Kh2 Bxg2 27. Nxg2 f5
28. exf5 Rd6 29. Qg3 Qh5+ 30. Qh3 Qe2 31. Rf2 Qd1 32. Nh4 Kh7 33. Ng6 Rff6 34.
Nxe5 b5 35. Ng4 Rf8 36. f6 bxc4 37. Be4+ Kg8 38. Nxh6+ gxh6 39. Qg3+ Kf7 40.
Qg7+ Ke6 41. Qe7# 1-0

[Event "Titled Tue 17th Jun Early"]
[Site "chess.com INT"]
[Date "2025.06.17"]
[Round "9"]
[White "Mompel Ferruz, Xavier"]
[Black "Montano Vicente, Guadalupe"]
[Result "1-0"]
[WhiteTitle "FM"]
[WhiteElo "2342"]
[BlackElo "1938"]
[WhiteFideId "54585775"]
[BlackFideId "5181399"]
[EventDate "2025.06.17"]

1. e4 c5 2. Nf3 d6 3. d4 cxd4 4. Nxd4 Nf6 5. Nc3 a6 6. Nb3 e5 7. Bg5 Be6 8. Qd3
Nbd7 9. Be2 h6 10. Bh4 Rc8 11. O-O Be7 12. Nd5 Bxd5 13. exd5 O-O 14. c4 b6 15.
Rfd1 Nh7 16. Bxe7 Qxe7 17. Bg4 Rb8 18. Re1 g6 19. Nd2 f5 20. Bd1 a5 21. a3 e4
22. Qe3 Kg7 23. b4 Qe5 24. Ba4 Ndf6 25. f4 Qe7 26. h3 g5 27. g3 g4 28. h4 Nh5
29. Rab1 Qf6 30. Nb3 axb4 31. axb4 Ra8 32. Ra1 Kh8 33. Nd4 Nxg3 34. Ne6 Nh5 35.
Nxf8 Rxf8 36. Ra2 Qxh4 37. Rh2 Qg3+ 38. Qxg3 Nxg3 39. Rxh6 1-0

[Event "Titled Tue 17th Jun Early"]
[Site "chess.com INT"]
[Date "2025.06.17"]
[Round "9"]
[White "Idani, Pouya"]
[Black "Gubatayev, Ahmet"]
[Result "0-1"]
[WhiteTitle "GM"]
[BlackTitle "CM"]
[WhiteElo "2593"]
[BlackElo "2191"]
[WhiteFideId "12510130"]
[BlackFideId "14004526"]
[EventDate "2025.06.17"]

1. g3 d5 2. Bg2 Nf6 3. f4 g6 4. Nf3 Bg7 5. O-O O-O 6. d3 c5 7. c3 Nc6 8. Na3 d4
9. e4 Rb8 10. e5 Nd5 11. cxd4 cxd4 12. Nc2 Qb6 13. Qe2 Bf5 14. Nh4 Be6 15. f5
gxf5 16. Nxf5 Bxf5 17. Rxf5 e6 18. Rh5 Nde7 19. Bg5 Ng6 20. Bf6 Qc5 21. b4 Nxb4
22. Nxb4 Qxb4 23. Be4 Rfc8 24. Rf1 Bxf6 25. exf6 Rc5 26. Qg4 Rbc8 27. Rh3 Rc1
28. Rxh7 Rxf1+ 29. Kxf1 Rc1+ 30. Kg2 Qd2+ 31. Kh3 Kxh7 32. Bxg6+ fxg6 33. f7
Qh6+ 34. Kg2 Rc2+ 35. Kf3 Qe3# 0-1

[Event "Titled Tue 17th Jun Early"]
[Site "chess.com INT"]
[Date "2025.06.17"]
[Round "9"]
[White "Jovic, Stanoje"]
[Black "Rathbone-Jones, Ifan"]
[Result "1-0"]
[WhiteTitle "FM"]
[BlackTitle "CM"]
[WhiteElo "2096"]
[BlackElo "2208"]
[WhiteFideId "905020"]
[BlackFideId "1803859"]
[EventDate "2025.06.17"]

1. c4 b5 2. cxb5 a6 3. e4 e6 4. Nf3 Bb7 5. Nc3 Bb4 6. bxa6 Nxa6 7. Qc2 Ne7 8.
Be2 Nc5 9. O-O Bxc3 10. Qxc3 Nxe4 11. Qxg7 Rf8 12. d3 Rg8 13. Qh6 Nf5 14. Qf4
Nf6 15. Ne1 Nd5 16. Qd2 Qf6 17. Bf3 Nh4 18. Be4 Qg7 19. Qh6 f5 20. Qh5+ Ng6 21.
Bf3 Kd8 22. Qg5+ Kc8 23. a4 Qf7 24. Qh5 Qg7 25. Qh6 Ne5 26. Qxg7 Nxf3+ 27. Nxf3
Rxg7 28. Kh1 Nb4 29. Rd1 Nc2 30. Ra2 Bd5 31. b3 Bxb3 32. Rb2 Bxa4 33. Bh6 Rg6
34. Bf4 Rb8 35. Rdb1 Rxb2 36. Rxb2 d6 37. Ra2 e5 38. Rxa4 exf4 39. Rxf4 Re6 40.
h4 Na3 41. Rxf5 Re2 42. Ng5 Rxf2 43. Rxf2 1-0

[Event "Titled Tue 17th Jun Early"]
[Site "chess.com INT"]
[Date "2025.06.17"]
[Round "9"]
[White "Sychev, Klementy"]
[Black "Kalyani Sirin"]
[Result "1-0"]
[WhiteTitle "GM"]
[BlackTitle "WFM"]
[WhiteElo "2513"]
[BlackElo "2138"]
[WhiteFideId "4114060"]
[BlackFideId "33323500"]
[EventDate "2025.06.17"]

1. h4 h5 2. d4 Nf6 3. c4 g6 4. Nc3 d5 5. Bg5 c6 6. Bxf6 exf6 7. cxd5 cxd5 8. e3
Bb4 9. Bb5+ Nc6 10. Ne2 O-O 11. Qb3 Be6 12. Bxc6 Bxc3+ 13. Qxc3 Rc8 14. Qa3 Rxc6
15. Qxa7 Ra6 16. Qc5 Qd7 17. Nc3 Rc8 18. Qb4 Rc4 19. Qb3 Qc7 20. O-O Rb6 21. Qc2
f5 22. Qd2 f4 23. exf4 Rbb4 24. Ne2 Qe7 25. Rfe1 Rb6 26. g3 Rbc6 27. Nc3 Qf6 28.
Rad1 Bg4 29. Nxd5 Qd6 30. Ne7+ Kg7 31. Nxc6 Bxd1 32. Ne5 Rxd4 33. Qc3 Kg8 34. f5
Bg4 35. fxg6 fxg6 36. Nxg4 1-0

[Event "Titled Tue 17th Jun Early"]
[Site "chess.com INT"]
[Date "2025.06.17"]
[Round "9"]
[White "Plat, Vojtech"]
[Black "Zieba, Hubert"]
[Result "1-0"]
[WhiteTitle "GM"]
[BlackTitle "CM"]
[WhiteElo "2497"]
[BlackElo "2233"]
[WhiteFideId "325740"]
[BlackFideId "21844704"]
[EventDate "2025.06.17"]

1. e4 c5 2. Nf3 Nc6 3. c3 d5 4. exd5 Qxd5 5. d4 Nf6 6. Nbd2 cxd4 7. Bc4 Qd8 8.
cxd4 e6 9. O-O Be7 10. Nb3 O-O 11. Bf4 b6 12. Rc1 Bb7 13. Qe2 Rc8 14. Rfd1 Qd7
15. Bg3 Rfd8 16. Bb5 Qd5 17. Ba6 Nb4 18. Bxb7 Qxb7 19. a3 Qd5 20. Nbd2 Nc6 21.
Nf1 Na5 22. Ne3 Qb7 23. Qb5 Nd5 24. h3 Nxe3 25. fxe3 Rxc1 26. Rxc1 Rc8 27. Rxc8+
Qxc8 28. Kh2 h6 29. Ne5 Bd6 30. Nf3 Bxg3+ 31. Kxg3 Qc7+ 32. Kf2 Nb7 33. Qe8+ Kh7
34. Ne5 Nd6 35. Qa8 Nf5 36. Qf3 Qc2+ 37. Qe2 Qc7 38. Qd3 f6 39. Nf3 Qg3+ 40. Kf1
g5 41. d5 Qd6 42. e4 Ng3+ 43. Kf2 f5 44. e5 Nh1+ 45. Kg1 Qc5+ 46. Kxh1 Qc1+ 47.
Kh2 Qf4+ 48. g3 1-0

[Event "Titled Tue 17th Jun Early"]
[Site "chess.com INT"]
[Date "2025.06.17"]
[Round "9"]
[White "Jval Saurin Patel"]
[Black "Aakash Sharadchandra, Dalvi"]
[Result "1-0"]
[WhiteTitle "FM"]
[BlackTitle "FM"]
[WhiteElo "2331"]
[BlackElo "2396"]
[WhiteFideId "25968343"]
[BlackFideId "25033220"]
[EventDate "2025.06.17"]

1. d4 Nf6 2. c4 e6 3. Nc3 Bb4 4. a3 Bxc3+ 5. bxc3 c5 6. e3 Nc6 7. Bd3 b6 8. Ne2
d6 9. e4 Na5 10. Ng3 Ba6 11. Be3 Nd7 12. Qe2 cxd4 13. cxd4 Rc8 14. Rc1 e5 15.
Nf5 Qf6 16. c5 Bxd3 17. Qxd3 dxc5 18. dxc5 Nxc5 19. Bxc5 Rxc5 20. Rxc5 bxc5 21.
Qb5+ Nc6 22. O-O g6 23. Ne3 Kf8 24. Qxc5+ Kg7 25. Rb1 Nd4 26. Ng4 Qf4 27. f3 Re8
28. Nf2 Qg5 29. Kh1 Qd2 30. Ng4 Qg5 31. Rd1 h5 32. Nf2 Qh4 33. Nd3 1-0

[Event "Titled Tue 17th Jun Early"]
[Site "chess.com INT"]
[Date "2025.06.17"]
[Round "9"]
[White "Khafizova, Diana"]
[Black "Hnatyshyn, Anastasiia"]
[Result "0-1"]
[WhiteTitle "WFM"]
[BlackTitle "WFM"]
[WhiteElo "2075"]
[BlackElo "2233"]
[WhiteFideId "34378049"]
[BlackFideId "14198339"]
[EventDate "2025.06.17"]

1. d4 d5 2. c4 c6 3. Nf3 Nf6 4. Nc3 g6 5. Bg5 Bg7 6. e3 O-O 7. Be2 h6 8. Bh4 g5
9. Bg3 Ne4 10. Nxe4 dxe4 11. Nd2 f5 12. Bxb8 Rxb8 13. O-O e5 14. d5 Bd7 15. Rc1
Qe7 16. Qb3 Kh8 17. Rfd1 c5 18. Qc2 Be8 19. b4 b6 20. Nb3 Qd6 21. bxc5 bxc5 22.
Qc3 f4 23. Qa5 f3 24. Bf1 Bh5 25. g3 Rfc8 26. Rb1 Bg4 27. Nd2 Qd7 28. Rxb8 Rxb8
29. Qxc5 Bh3 30. Qc6 Qf5 31. Qe6 Qxe6 32. dxe6 Bxe6 33. Nxe4 g4 34. c5 Bf8 35.
c6 Rc8 36. Bb5 a6 37. Ba4 Bxa2 38. Nd6 Bxd6 39. Rxd6 Kg7 40. Rd7+ Kf6 41. c7 Bc4
42. h3 h5 43. Rh7 Bf7 44. hxg4 hxg4 45. Bd7 Rxc7 46. Bxg4 Rc1+ 47. Kh2 e4 48.
Bf5 Rf1 49. g4 Rxf2+ 50. Kg1 Rg2+ 51. Kf1 Bc4+ 52. Ke1 f2+ 0-1

[Event "Titled Tue 17th Jun Early"]
[Site "chess.com INT"]
[Date "2025.06.17"]
[Round "9"]
[White "Cherepov, Alexej"]
[Black "Zmijanac, Dusko"]
[Result "1-0"]
[WhiteTitle "CM"]
[BlackTitle "FM"]
[WhiteElo "2083"]
[BlackElo "2007"]
[WhiteFideId "13503650"]
[BlackFideId "908762"]
[EventDate "2025.06.17"]

1. d4 c5 2. d5 Nf6 3. c4 g6 4. Nc3 Bg7 5. e4 d6 6. h3 O-O 7. Nf3 Na6 8. Be2 Nc7
9. O-O Rb8 10. Bf4 Bd7 11. e5 Nfe8 12. Re1 b5 13. cxb5 Nxb5 14. Nxb5 Bxb5 15.
Qd2 Qb6 16. b3 a5 17. Bh6 a4 18. bxa4 Bxe2 19. Rxe2 Qb4 20. Bxg7 Nxg7 21. exd6
exd6 22. Qg5 Nf5 23. Rae1 Qxa4 24. Qf6 h6 25. g4 Qf4 26. Re3 Rb2 27. gxf5 Rxa2
28. Re8 Ra8 29. Rxf8+ Rxf8 30. Kg2 g5 31. Qxh6 Qxf5 32. Qxg5+ Qxg5+ 33. Nxg5 Ra8
34. Ne4 Ra6 35. Rb1 f5 36. Ng3 f4 37. Ne4 Kf7 38. Kf3 Kg6 39. Kxf4 Ra4 40. Rb6
c4 41. Rxd6+ Kf7 42. Rc6 Ke7 43. Ke5 Kd7 44. Nc5+ 1-0

[Event "Titled Tue 17th Jun Early"]
[Site "chess.com INT"]
[Date "2025.06.17"]
[Round "9"]
[White "Bortnyk, Olexandr"]
[Black "So, Wesley"]
[Result "1-0"]
[WhiteTitle "GM"]
[BlackTitle "GM"]
[WhiteElo "2601"]
[BlackElo "2745"]
[WhiteFideId "14120828"]
[BlackFideId "5202213"]
[EventDate "2025.06.17"]

1. d4 Nf6 2. Nc3 d5 3. Bf4 a6 4. e3 e6 5. a3 c5 6. Nf3 b5 7. dxc5 Bxc5 8. Bd3
Bb7 9. Qe2 O-O 10. O-O Nbd7 11. Rad1 Rc8 12. h3 Qe7 13. e4 dxe4 14. Nxe4 Nxe4
15. Bxe4 Bxe4 16. Qxe4 Nf6 17. Qe2 Rfd8 18. c3 h6 19. Be5 Rxd1 20. Rxd1 Rd8 21.
Rxd8+ Qxd8 22. Bxf6 gxf6 23. Kf1 Qd5 24. Ne1 f5 25. Qd3 Qb3 26. Qc2 Qc4+ 27. Qd3
Qb3 28. Qd2 Kg7 29. Nd3 Bd6 30. Nc1 Qc4+ 31. Qd3 Bf4 32. b3 Qc5 33. Ne2 Be5 34.
a4 bxa4 35. bxa4 Qc6 36. f4 Bf6 37. a5 Be7 38. Qd4+ Kg6 39. Qd3 Bc5 40. Ke1 Qxg2
41. Qxa6 Be3 42. Kd1 Qe4 43. Qb5 h5 44. a6 h4 45. a7 Bxa7 46. Qe8 Be3 47. Qg8+
Kf6 48. Qg5# 1-0

[Event "Titled Tue 17th Jun Early"]
[Site "chess.com INT"]
[Date "2025.06.17"]
[Round "9"]
[White "Durarbayli, Vasif"]
[Black "Iskusnyh, Sergei"]
[Result "1-0"]
[WhiteTitle "GM"]
[BlackTitle "GM"]
[WhiteElo "2612"]
[BlackElo "2440"]
[WhiteFideId "13402935"]
[BlackFideId "4120027"]
[EventDate "2025.06.17"]

1. e4 e6 2. d4 d5 3. exd5 exd5 4. h3 c5 5. Nf3 Nc6 6. Bb5 Bd6 7. O-O Ne7 8. dxc5
Bxc5 9. Nbd2 O-O 10. Nb3 Bb6 11. Bf4 Ng6 12. Bg3 Be6 13. c3 Qf6 14. Nbd4 Bd7 15.
a4 a6 16. Bxc6 bxc6 17. a5 Ba7 18. Re1 Rfe8 19. Rxe8+ Rxe8 20. Nc2 Nf4 21. Bxf4
Qxf4 22. Ncd4 c5 23. Ne2 Qd6 24. Qd2 Bc6 25. Ng3 d4 26. cxd4 Bxf3 27. gxf3 cxd4
28. Qd3 h6 29. Kg2 Re5 30. h4 Rb5 31. Rc1 g6 32. Rc8+ Kg7 33. Qe4 Qd7 34. Qa8 d3
35. Rg8+ Kf6 36. Rd8 Qb7 37. Ne4+ Kf5 38. Nd6+ 1-0

[Event "Titled Tue 17th Jun Early"]
[Site "chess.com INT"]
[Date "2025.06.17"]
[Round "9"]
[White "Gilfanov, Marat I"]
[Black "Radchenko, Alexey"]
[Result "1-0"]
[WhiteTitle "FM"]
[BlackTitle "FM"]
[WhiteElo "2343"]
[BlackElo "2290"]
[WhiteFideId "34372164"]
[BlackFideId "4192362"]
[EventDate "2025.06.17"]

1. e4 c6 2. Nf3 d5 3. d3 Nd7 4. Be2 e5 5. O-O Ngf6 6. Nbd2 Bd6 7. c3 Nc5 8. Qc2
Bg4 9. h3 Bh5 10. exd5 cxd5 11. d4 exd4 12. Bb5+ Ncd7 13. Re1+ Be7 14. Nxd4 O-O
15. N2f3 a6 16. Bf1 Re8 17. Bg5 h6 18. Bh4 Ne4 19. Bxe7 Rxe7 20. Rad1 Ndf6 21.
Qc1 Qb6 22. Re3 Rae8 23. Rde1 Bg6 24. Bd3 Qd6 25. Nd2 Qf4 26. Bxe4 dxe4 27. g3
Qd6 28. Kh2 Nd5 29. R3e2 e3 30. Nc4 exf2 31. Nxd6 fxe1=Q 32. Qxe1 Rxe2+ 33. Nxe2
Re6 34. Qf2 Rxd6 35. Nd4 Rf6 36. Qe2 Kh7 37. g4 Nf4 38. Qe7 b5 39. Kg3 Ne6 40.
Nf3 Be4 41. Nd2 Bd5 42. Qd6 Nf4 43. Qe5 Bxa2 44. b3 1-0

[Event "Titled Tue 17th Jun Early"]
[Site "chess.com INT"]
[Date "2025.06.17"]
[Round "9"]
[White "Lopez Abreu, Michel Samuel"]
[Black "Oppezzo, Sebastian"]
[Result "1/2-1/2"]
[WhiteTitle "FM"]
[WhiteElo "2038"]
[BlackElo "2177"]
[WhiteFideId "3927903"]
[BlackFideId "112321"]
[EventDate "2025.06.17"]

1. e4 g6 2. Nf3 Bg7 3. d4 d6 4. Bd3 Nf6 5. O-O O-O 6. c3 Nc6 7. Re1 e5 8. d5 Ne7
9. Nbd2 h6 10. Nf1 Nh5 11. Ng3 Nf4 12. Bc2 f5 13. exf5 Nxf5 14. Bxf4 exf4 15.
Nxf5 Bxf5 16. Bxf5 Rxf5 17. Qd3 Qf6 18. Qe4 Rf8 19. Rad1 g5 20. Qe6+ Qxe6 21.
Rxe6 R8f7 22. Re8+ Rf8 23. Rxf8+ Rxf8 24. Nd4 Bxd4 25. Rxd4 Re8 26. Kf1 Kg7 27.
Rb4 b6 28. Rc4 Re7 29. a4 a5 30. b4 Kf6 31. bxa5 bxa5 32. Rc6 Re5 33. Rxc7 Rxd5
34. Rh7 Kg6 35. Ra7 Rc5 36. Ra6 Rxc3 37. Rxa5 Rc2 38. Rd5 Rc6 39. Rb5 Rc4 40. a5
Ra4 41. Rd5 Kg7 42. Ke2 Ra2+ 43. Kf3 Kf7 44. Rxd6 Rxa5 45. Rxh6 Ra3+ 46. Kg4 Ra2
47. Kxg5 Rxf2 48. Rf6+ Ke7 49. Rxf4 Rxg2+ 50. Rg4 Rxg4+ 51. Kxg4 Kf7 52. h4 Kg8
53. h5 Kh8 54. h6 Kh7 55. Kg5 Kh8 56. Kg6 Kg8 57. h7+ Kh8 58. Kh6 1/2-1/2